| 000 | 00878nam a22002417a 4500 | ||
|---|---|---|---|
| 999 |
_c959 _d959 |
||
| 003 | AR-CdUCM | ||
| 008 | 190226b ||||| |||| 00| 0 spa d | ||
| 040 |
_aMUNICIPALIDAD PROVINCIAL DEL CUSCO _cBIBLIOTECA MUNICIPAL DEL CUSCO |
||
| 041 | _heng | ||
| 082 |
_a912 / _bc87. |
||
| 100 |
_aCrone, Gerald Roe _93721 |
||
| 245 | _aHistoria de los mapas / | ||
| 260 |
_aMéxico, D.F : _bFondo de Cultura Económica, _c1956. |
||
| 300 |
_a207 páginas ; _c18 cm. |
||
| 505 | _aLa herencia clásica y la alta Edad Media -- Evolución de la carta marina medieval -- Mapamundis catalanes -- Mapas del mundo del siglo XV: Fray Mauro y Martín Behamin -- El renacimiento de Tolomeo... | ||
| 650 |
_aCartográfia _93722 |
||
| 650 |
_aHistoria _9136 |
||
| 650 |
_aViajes _9856 |
||
| 650 |
_aGeografía _9318 |
||
| 650 |
_aAtlas _93723 |
||
| 942 |
_2ddc _cLIBROS |
||
| 945 |
_admma _d2019-02-26 |
||